| 000 | 00436nam a2200157Ia 4500 | ||
|---|---|---|---|
| 008 | 210210b1980 xxu||||| |||| 00| 0 eng d | ||
| 020 | _a0 13 139006 6 | ||
| 082 | _a796.3232 HARC | ||
| 100 | _aHARKINS (Harry L Mike). | ||
| 245 | _aCoach's guide to basketball's 1-4 offense. | ||
| 260 |
_aNew York. _bParker Publishing Co., _c1980 |
||
| 300 | _a216 | ||
| 650 | _aBasketball | ||
| 690 | _aAthletic & Outdoor Sports | ||
| 906 | _a034774 | ||
| 999 |
_c85788 _d85788 |
||